Les Onze Commandements (le Film) en mort subite - Statistiques

Statistiques générales
  • Ce quiz a été pris 44 fois
  • Le résultat moyen est 9 sur 15
Answers on the Grid
Answers color-coded by a green-red scale on the quiz's grid according to % correct below.
Tu resteras à 9,15 m
Tu plongeras rue Saint Maurice
Tu feras du roller toute la nuit
Tu iras acheter du ketchup
Tu te transformeras en démonte-pneus
You will come from Boston
Tu surveilleras ton équilibre alimentaire
Tu entreras dans le livre des records
Tu ressusciteras une vedette des années 1940
Tu n'oublieras pas l'huile pimentée
Tu seras un peu moins lourd
Tu rendras accessible le confort à tous
Tu prendras un bide
Tu iras faire un petit tour
Tu chanteras comme un connard
Tu réveilleras les Dieux grecs
Tu traverseras les Champs-Élysées en snowboard
Tu chasseras le chapon dans le Marais
 
Statistiques - réponses
Réponse % Correct
Tu entreras dans le livre des records
83%
Tu feras du roller toute la nuit
81%
Tu n'oublieras pas l'huile pimentée
81%
Tu ressusciteras une vedette des années 1940
81%
Tu plongeras rue Saint Maurice
72%
Tu chanteras comme un connard
69%
Tu resteras à 9,15 m
69%
Tu seras un peu moins lourd
64%
Tu iras acheter du ketchup
61%
Tu prendras un bide
61%
Tu iras faire un petit tour
58%
Tu te transformeras en démonte-pneus
47%
Tu rendras accessible le confort à tous
44%
Tu surveilleras ton équilibre alimentaire
42%
You will come from Boston
31%
Aucun quiz correspondant
Distribution des résultats
% des personnes avec chaque résultat
Percentile par nombre de réponses
Votre historique - résultats
Vous n’avez pas pris ce quiz